000 00244nam a2200109Ia 4500
100 _aIntel
942 _cBK
654 _aembedded
245 _a8 Bit embedded controllers
260 _bIntel literature corporation
_aUS
_c1991
546 _aENGLISH
999 _c32182
_d32182